ბათუმის შოთა რუსთაველის სახელმწიფო უნივერსიტეტის ბიბლიოთეკა

HBR-ის გზამკვლევი გუნდის მართვაში : (ბიბ.ჩანაწერი № 63426)

000 -ლიდერი
ფიქსირებული სიგრძის საკონტროლო ველი 01592nam a22002537a 4500
003 - საკონტროლო ნომრის იდენტიფიკატორი
საკონტროლო ველი Ge_BSU
005 - ბოლო ოპერაციის თარიღი და დრო
საკონტროლო ველი 20251007183937.0
008 - ფიქსირებული სიგრძის მონაცემთა ელემენტები - ზოგადი ინფორმაცია
ფიქსირებული სიგრძის საკონტროლო ველი 251007s2020 ge ||||| |||| 00| 0 geo d
020 ## - წიგნის საერთაშორისო სტანდარტული ნომერი
International Standard Book Number 9789941958946
041 ## - ენის კოდი
Language code of text/sound track or separate title geo
080 ## - უნივერსალური ათობითი კლასიფიკაციის ინდექსი
Universal Decimal Classification number 005.64 შ-23
100 ## - მთავარი ჩანაწერი - პიროვნების სახელი
Personal name შაპირო, მერი
9 (RLIN) 25953
245 ## - ცნობა სათაურის შესახებ
Title HBR-ის გზამკვლევი გუნდის მართვაში :
Remainder of title წაახალისეთ ჯანსაღი კონკურენცია. ნათლად გამიჯნეთ მოვალობები. დააბალანსეთ უნარები და მუსაობის სტილი/
Statement of responsibility, etc მერი შაპირო; მათარგმნელი სალომე ბენიძე;რედაქტორი ანი გაგუა; დიზაინერი თ. ჭაბუკიანი
264 ## - წარმოების, გამოცემის, დისტრიბუციის და სხვა ცნობები
გამოცემის, წარმოების, დისტრიბუციის... ადგილი თბილისი :
გამოცემის, წარმოების, დისტრიბუციის... სახელწოდება Harvard Business Reviev Press,
გამოცემის, წარმოების, დისტრიბუციის... თარიღი 2020.
300 ## - ფიზიკური აღწერა
Extent 175 გვ.;
Other physical details 23 სმ.
490 ## - სერიის ცნობა
Series statement მეტი, ვიდრე გზამკვლევი.
653 ## - INDEX TERM--UNCONTROLLED
Uncontrolled term ბიზნესლიტერატურა
653 ## - INDEX TERM--UNCONTROLLED
Uncontrolled term კონკურენცია
653 ## - INDEX TERM--UNCONTROLLED
Uncontrolled term უნარები და მუშაობის სტილი
700 ## - ADDED ENTRY--PERSONAL NAME
Personal name ბენიძე, სალომე
Relator term მათარგმნელი
9 (RLIN) 25954
700 ## - ADDED ENTRY--PERSONAL NAME
Personal name გაგუა, ანი
Relator term რედაქტორი
9 (RLIN) 25951
700 ## - ADDED ENTRY--PERSONAL NAME
Personal name ჭაბუკიანი, თ.
Relator term დიზაინერი
9 (RLIN) 25955
942 ## - ADDED ENTRY ELEMENTS (KOHA)
Source of classification or shelving scheme
Koha item type წიგნი
ეგზემპლარები
ჩამოწერის სტატუსი დაკარგული ეგზემპლარის სტატუსი კლასიფიკაციის წყარო ან თაროზე გაწყობის სქემა დაზიანების სტატუსი არ გაიცემა მუდმივი მდებარეობა (დაცვის ადგილი) ამჟამინდელი ადგილსამყოფელი თაროზე განთავსების ადგილი შეძენის თარიღი ღირებულება, შესყიდვის ნორმალური ფასი სრული შენახვის შიფრი შტრიხკოდი ბოლო ოპერაციის თარიღი ეგზემპლარის მიმდევრობითი ნომერი (კეტერი?) Uniform Resource Identifier ფასის ძალაში შესვლის თარიღი ეგზემპლარის სახეობა საჯარო შენიშვნა
          ბათუმის შოთა რუსთაველის სახელმწიფო უნივერსიტეტის მთავარი ბიბლიოთეკა ბათუმის შოთა რუსთაველის სახელმწიფო უნივერსიტეტის მთავარი ბიბლიოთეკა წიგნსაცავი 2025-10-07 23.00 005.64 შ-23 72594 2025-10-07 72594 ნაჩუქარი 2025-10-07 წიგნი 23 ლ.